00554caa a22001692a 4500001000900000003001100009008004300020092001800063100001800081245004300099300001600142500008400158546001300242942000900255773010300264999001700367 005031 AR-FADEU 311216n########xxu####################dd a401.931bC536 aFurrow, David aSocial and private speech at two years aPP. 206-215 aEn: Child language /ed. Margery B. Franklin. New York : Oxford University, 1988 aInglés cBDGR0 01083699777abdNew Yorko02917tCHILD Language : a readerw( AR-FADEU) 005014xz0-19-504333-2 c10853d10853